Pepe Dámaso (Record no. 6107)

MARC details
000 -LEADER
campo de control de longitud fija 00821nam a2200253 i 4500
001 - NÚMERO DE CONTROL
campo de control 6107
003 - IDENTIFICADOR DE NÚMERO DE CONTROL
campo de control ES-MaACL
005 - FECHA Y HORA DE LA ÚLTIMA TRANSACCIÓN
campo de control 20250807012153.0
007 - CAMPO FIJO DE DESCRIPCIÓN FÍSICA--INFORMACIÓN GENERAL
campo de control de longitud fija t|
008 - DATOS DE LONGITUD FIJA--INFORMACIÓN GENERAL
campo de control de longitud fija 890712s1984 sp ||||1| spa d
020 ## - NÚMERO INTERNACIONAL ESTÁNDAR DEL LIBRO
Número Internacional Estándar del Libro 84-500-9809-2
080 ## - NÚMERO DE LA CLASIFICACIÓN DECIMAL UNIVERSAL
Número de la Clasificación Decimal Universal 7 Dámaso, Pepe
080 ## - NÚMERO DE LA CLASIFICACIÓN DECIMAL UNIVERSAL
Número de la Clasificación Decimal Universal 75(46)"1933/..." Damaso,Pepe
245 00 - MENCIÓN DEL TÍTULO
Título Pepe Dámaso
Resto del título : héroes atlánticos /
Mención de responsabilidad, etc. [Celso Martín de Guzmán...(et al.)].
260 ## - PUBLICACIÓN, DISTRIBUCIÓN, ETC.
Lugar de publicación, distribución, etc. [Santa Cruz de Tenerife] :
Nombre del editor, distribuidor, etc. Gobierno de Canarias,
Fecha de publicación, distribución, etc. 1984.
300 ## - DESCRIPCIÓN FÍSICA
Extensión 158 p. :
Otras características físicas principalmente il. ;
Dimensiones 29 cm.
500 ## - NOTA GENERAL
Nota general Bibliografia.
600 14 - PUNTO DE ACCESO ADICIONAL DE MATERIA--NOMBRE DE PERSONA
Nombre de persona Dámaso, Pepe.
9 (RLIN) 42556
700 1# - ENTRADA AGREGADA--NOMBRE PERSONAL
Nombre de persona Martín de Guzmán, Celso.
9 (RLIN) 77450
700 1# - ENTRADA AGREGADA--NOMBRE PERSONAL
Nombre de persona Dámaso, Pepe.
9 (RLIN) 42556
710 1# - ENTRADA AGREGADA--NOMBRE DE ENTIDAD CORPORATIVA
Nombre de entidad corporativa o nombre de jurisdicción como elemento de entrada Canarias.
Unidad subordinada Gobierno
9 (RLIN) 241613
852 ## - LOCALIZACIÓN
Ubicación ES-MaACL
Número de control de estantería L-11785
Sublocalización o colección R.116062
Nota libre . - cart.
Holdings
Estatus retirado Estado de pérdida Estado de daño No para préstamo Biblioteca de origen Biblioteca actual Ubicación en estantería Fecha de adquisición Fuente de adquisición Total de préstamos Signatura topográfica completa Código de barras Visto por última vez Precio de reemplazo Tipo de ítem Koha
        Biblioteca del Ateneo de Madrid Biblioteca del Ateneo de Madrid Depósito 2 17/01/2008     L-11785 1006213 23/02/2023 23/02/2023 Libro impreso